|
|
|
|
| LEADER |
01768nam a2200433 i 4500 |
| 001 |
EBC3110949 |
| 003 |
MiAaPQ |
| 005 |
20200520144314.0 |
| 006 |
m o d | |
| 007 |
cr cnu|||||||| |
| 008 |
140901t20092009ph a ob 000 0 eng d |
| 020 |
|
|
|z 9789715618571
|
| 035 |
|
|
|a (MiAaPQ)EBC3110949
|
| 035 |
|
|
|a (Au-PeEL)EBL3110949
|
| 035 |
|
|
|a (CaPaEBR)ebr10906387
|
| 035 |
|
|
|a (CaONFJC)MIL784125
|
| 035 |
|
|
|a (OCoLC)891386655
|
| 040 |
|
|
|a MiAaPQ
|b eng
|e rda
|e pn
|c MiAaPQ
|d MiAaPQ
|
| 043 |
|
|
|a a-ph---
|
| 050 |
|
4 |
|a HC460.P6
|b .P685 2009
|
| 082 |
0 |
|
|a 339.46
|2 23
|
| 245 |
0 |
0 |
|a Poverty in the Philippines :
|b causes, constraints, and opportunities.
|
| 264 |
|
1 |
|a Metro Manila, Philippines :
|b Asian Development Bank,
|c 2009.
|
| 264 |
|
4 |
|c 2009
|
| 300 |
|
|
|a 1 online resource (133 pages) :
|b illustrations
|
| 336 |
|
|
|a text
|2 rdacontent
|
| 337 |
|
|
|a computer
|2 rdamedia
|
| 338 |
|
|
|a online resource
|2 rdacarrier
|
| 504 |
|
|
|a Includes bibliographical references.
|
| 588 |
|
|
|a Description based on print version record.
|
| 590 |
|
|
|a Electronic reproduction. Ann Arbor, MI : ProQuest, 2015. Available via World Wide Web. Access may be limited to ProQuest affiliated libraries.
|
| 650 |
|
0 |
|a Poverty
|z Philippines.
|
| 651 |
|
0 |
|a Philippines
|x Economic conditions
|y 21st century.
|
| 651 |
|
0 |
|a Philippines
|x Social conditions
|y 21st century.
|
| 655 |
|
4 |
|a Electronic books.
|
| 710 |
2 |
|
|a Asian Development Bank.
|
| 776 |
0 |
8 |
|i Print version:
|t Poverty in the Philippines : causes, constraints, and opportunities.
|d Metro Manila, Philippines : Asian Development Bank, c2009
|h viii, 124 pages
|z 9789715618571
|w 2010338107
|
| 797 |
2 |
|
|a ProQuest (Firm)
|
| 856 |
4 |
0 |
|u https://ebookcentral.proquest.com/lib/matrademy/detail.action?docID=3110949
|z Click to View
|